| 000 | 00467nam a22001697a 4500 | ||
|---|---|---|---|
| 003 | OSt | ||
| 008 | 260508b |||||||| |||| 00| 0 eng d | ||
| 082 |
_a633.82 _bR20T |
||
| 100 | _aKumar, Ravi | ||
| 245 | _aTo Find out Suitable Seeding Time and Variety for Summer Cultivation of Sesamum under North Bihar Condition | ||
| 260 |
_aPusa, Samastipur _bRAU _c1987 |
||
| 300 | _a103P. | ||
| 502 |
_bMsc. _d1987 |
||
| 650 | _aAgronomy | ||
| 650 | _aMsc. | ||
| 942 |
_2ddc _cT |
||
| 999 |
_c50513 _d50513 |
||